000
00298 a2200133 4500
001
48033
040
_c
Anchieta - Aquarius
100
_a
Azevedo, Artur
240
1
0
_a
A casadinha de fresco
_l
por
245
1
0
_a
A casadinha de fresco
300
_a
51
650
4
_a
Literatura brasileira
942
_c
BK
999
_c
48033
_d
48033